call of duty zombies waw to bo3 all maps ranked - Statistics

General Stats
  • This quiz has been taken 52 times
  • The average score is 17 of 25
Answer Stats
Hint Answer % Correct
22 shadows of evil
84%
4 tranzit
84%
20 nacht der untoten
81%
23 origins
81%
2 kino der toten
78%
1 buried
73%
10 mob of the dead
73%
5 moon
73%
13 shi no numa
73%
15 der riese
70%
12 farm
68%
14 shangri la
68%
17 der eisendrache
65%
24 die rise
65%
16 gorod krovi
65%
6 town
65%
3 bus depot
62%
18 call of the dead
62%
7 five
62%
19 revelations
62%
25 the giant
62%
11 ascension
59%
9 nuketown
57%
8 verruckt
57%
21 zetsubou no shima
51%
No matching quizzes found
Score Distribution
Percent of People with Each Score
Percentile by Number Answered
Your Score History
You have not taken this quiz